01420nam a2200397 i 4500001000700000003000800007005001700015006001900032007001500051008004100066020001800107020002700125035002300152035002400175035002500199035002100224040003100245050002400276082001600300100002400316245006900340264004600409300002500455336003100480337003300511338004300544490004500587500002300632504002900655588012800684650004100812650003400853655002700887830004600914856006200960131302FlNmELB20241217180451.0m o d | cr cnu||||||||140228s2013 ag ob 001 0 spa d z9788415295488 a9781449297138 (e-book) a(MiAaPQ)EBC3217668 a(Au-PeEL)EBL3217668 a(CaPaEBR)ebr10831810 a(OCoLC)992030634 aFINmELBbspaerdacFINmELB 4aLB1737.5bK791 20130 a370.7112231 aKohan, Walter Omar.13aEl maestro inventor :bSimón Rodríguez /cWalter Omar Kohan. 1aBuenos Aires :bMiño y Dávila,c2013. a1 recurso en línea atextobtxt2rdacontent/spa acomputadorabc2rdamedia/spa arecurso en líneabcr2rdacarrier/spa1 aColección educación: otros lenguajes aContiene índice. aContiene bibliografía. aDescripción basada en recurso en línea; Título de la página del título en PDF (e-libro, visto February 28, 2014). 4aFormadores de docentesxBiografía. 0aTeacher educatorsxBiography. 4aLibros electrónicos. 0aColección educación: otros lenguajes.40uhttps://elibro.net/ereader/politecnicointernacional/42090